000 00756nam a2200253Ia 4500
003 OSt
005 20221005055846.0
006 a|||||r|||| 00| 0
007 ta
008 221004b |||||||| |||| 00| 0 eng d
020 _a9780141036250 (hbk)
_cINR 499.00
024 _a28864
037 _b1372, 17/03/2017, Bright Book Service
_cTextual
040 _aCRL
_cCRL
_beng
041 _2eng
_aeng
082 _aw1,P, P8
100 _aGladwell Malcolm Au.
_9595705
245 0 _aOutliers
_b the story of success
260 _aLondon
_bPenguin Books UK
_c2008
300 _aix, 399p.
_ccm.
650 _aGENERALIA
942 _hw1,P, P8
_cTEXL
_2cc
999 _c965812
_d965812